1891 1788 1687 1149 1120 1871 1026 1318 1238 1198 1515 1984 1645 1589 1837 1121 1795 1851 1118 1677 1393 1723 1326 1899 1009 1074 1445 1109 1011 1446 1925 1575 1476 1201 1427 1834 1426 1238 1598 1315 1235 1132 1448 1770 1940 1307 1783 1584 1309 1855 1665 1555 1244 1843 1932 1450 1548 1848 1823 1455 1833 1627 1646 1875 1998 1691 1417 1753 1040 1504 1754 1139 1536 1298 1603 1121 1517 1051 1961 1118 1655 1621 1055 1734 1970 1068 1192 1026 1194 1085 1078 1233 1956 1759 1210 1875 1686 1938 1870 BCNSPRNW ULIB Ver.6.0+V

เปลี่ยนเป็นภาษาไทย

Change to English
 แสดงรายละเอียดบรรณานุกรม
  กลับหน้าหลัก

Brief Record : Get Marc (ISO 2709) : E-mail record : QR code < ปิดหน้าต่าง
LEADER : 00000nam 2200000uu 4500
001    13399124435
003     ULIB
008    150717s2558||||th 000 0 tha d
020    ^a9786163615343
060  4 ^aWB935^bบ427 ล.1
100 0  ^aบุญชัย อิศราพิสิษฐ์
245 10 ^aพิชิตโรคโดยไม่ใช้ยา เล่ม 1 ตอน ปฏิวัติชีวิต--ปฏิวัติสุขภาพ /^cบุญชัย อิศราพิสิษฐ์
250    ^aพิมพ์ครั้งที่ 6
260    ^aกรุงเทพฯ :^bสุขภาพดี,^c2558
300    ^a276 หน้า :^bภาพประกอบ
500    ^aพิชิตโรคร้าย--โดยไม่ใช้ยา สุดยอดหนังสือดี เล่ม 1
650  7 ^aการดูแลสุขภาพด้วยตนเอง
650  7 ^aพฤติกรรมสุขภาพ
650  7 ^aการรักษาด้วยธรรมชาติ
650  7 ^aการดูแลตนเอง
945    ^p200^l0^i22987
999    ^aทศพร เกษรทอง
รายการนี้ยังไม่มีแท็ก
คุณยังไม่ได้ล็อกอิน คุณสามารถมีกิจกรรมร่วมกับเว็บไซต์ได้ แต่ต้องล็อกอินก่อน ::
  ล็อกอิน

รายการสื่อสารสนเทศ

ลำดับที่ ประเภท เลขเรียก/บาร์โค้ด สถานที่ สถานะ
1. วิทยาศาสตร์การแพทย์ และสุขภาพ
วิทยาศาสตร์การแพทย์ และสุขภาพ
WB935 บ427 ล.1 ฉ.1 
  Barcode: 22987
ห้องสมุดวิทยาเขตนครสวรรค์
►ส่วนจัดเก็บหนังสือเก่า นว.
บนชั้น
  ขอยืม

รายการใกล้เคียง
    ผู้แต่ง [บุญชัย อิศราพิสิษฐ์]

    หัวเรื่อง [การดูแลสุขภาพด้วยตนเอง]
    หัวเรื่อง [พฤติกรรมสุขภาพ]
    หัวเรื่อง [การรักษาด้วยธรรมชาติ]
    หัวเรื่อง [การดูแลตนเอง]

BibComment


ยังไม่เคยถูกคอมเมนท์

คอมเมนท์ทรัพยากรรายการนี้
  คอมเมนท์: พิชิตโรคโดยไม่ใช..


 Copyright 2026. Bcnsprnw @Library